000 00524nam a2200205Ia 4500
008 170918s9999 xx 000 0 und d
020 _a439564220
050 _bP119 2003
100 _aPackard, Mary
245 _aX-traordinary x-tremes /
245 _cMary Packard ; illustrated by Leanne Franson.
260 _aNew York :
260 _bScholastic,
260 _c2003
300 _a86 pages :
300 _bcolored illustration ;
300 _c19cm.
440 _aRipley's believe it or not!
500 _a1140
999 _c341968
_d341968